| 000 | 01233nam a2200337 i 4500 | ||
|---|---|---|---|
| 003 | DO-SdBNP | ||
| 005 | 20241002132556.0 | ||
| 007 | ta | ||
| 008 | 140610s2012 dr a r 000 0 spa d | ||
| 020 | _a9789945427196 | ||
| 040 |
_aDO-SdBNP _bspa _cBNPHU _erda |
||
| 041 | _aspa | ||
| 082 | 4 |
_a001.42 _bR696me 2012 _222 |
|
| 100 | 1 |
_aRodríguez Castillo, Príamo, _d1943- _eautor _4aut. _972218 |
|
| 245 | 1 | 0 |
_aMetodología de la investigación aplicada / _cPríamo Rodríguez Castillo. |
| 250 | _a10ma. edición | ||
| 264 | 1 |
_aSanto Domingo : _bUtesa, _c2012 |
|
| 300 |
_aXVIII, 266 páginas : _bilustraciones ; _c23 cm. |
||
| 336 |
_atexto _btxt _2rdacontent |
||
| 337 |
_asin mediación _bn _2rdamedia |
||
| 338 |
_avolumen _bnc _2rdacarrier |
||
| 500 | _aIncluye datos biográficos del autor en las solapa de la cubierta | ||
| 500 | _aIncluye datos biográficos del autor p. 265-266 | ||
| 500 | _aIncluye referencias bibliográficas y notas al pie de las páginas | ||
| 504 | _aBibliografía : páginas 261-264 | ||
| 590 | _aInventariado, 2023/ YL | ||
| 650 | 4 |
_aInvestigación _xMetodología _986653 |
|
| 650 | 4 |
_aCiencia _986654 _xMetodología |
|
| 910 | _aYLockward/Validado. Control de calidad MFF | ||
| 942 |
_2ddc _cLBS1 |
||
| 999 |
_c55553 _d55553 |
||